Scotland UEFA European Championships XIs - Statistics

General Stats
  • This quiz has been taken 115 times
  • The average score is 14 of 32
Answer Stats
Answer % Correct
Andrew Robertson
95%
Scott McTominay
79%
Kieran Tierney
78%
John McGinn
73%
Ché Adams
71%
Angus Gunn
69%
Callum McGregor
68%
Ally McCoist
58%
Jack Hendry
56%
Billy Gilmour
55%
Colin Hendry
55%
Grant Hanley
51%
Lyndon Dykes
50%
Anthony Ralston
46%
Gary McAllister
41%
Stuart Armstrong
40%
Andy Goram
38%
David Marshall
38%
Paul McStay
34%
Richard Gough
29%
Gordon Durie
26%
Tom Boyd
26%
John Collins
25%
Stuart McCall
25%
Brian McClair
23%
Stephen O'Donnell
23%
Colin Calderwood
19%
Stewart McKimmie
18%
Dave McPherson
16%
Maurice Malpas
15%
Tosh McKinlay
14%
John Spencer
11%
No matching quizzes found
Score Distribution
Percent of People with Each Score
Percentile by Number Answered
Your Score History
You have not taken this quiz